[Event "PHI-ch (Women)"]
[Site "Quezon City"]
[Date "2022.02.18"]
[Round "4"]
[White "Hernandez, Lexie Grace"]
[Black "Sebastian, Mhage Gerriahlou"]
[Result "1/2-1/2"]
[WhiteElo "1681"]
[BlackElo "1853"]
[PlyCount "120"]
[EventDate "2022.02.17"]
[EventType "tourn"]
[EventRounds "10"]
[EventCountry "PHI"]
[SourceTitle "EXT 2023"]
[Source "ChessBase"]
[SourceDate "2022.10.05"]
[SourceVersion "1"]
[SourceVersionDate "2022.10.05"]
[SourceQuality "1"]

1. d4 d5 2. Bf4 Nf6 3. e3 c5 4. c3 Nc6 5. Nd2 Qb6 6. Qb3 c4 7. Qxb6 axb6 8. a3 Bf5 9. f3 b5 10. Rc1 h5 11. h4 e6 12. Nh3 Be7 13. Nf2 0-0 14. Be2 Nd7 15. Bd1 e5 16. Bg3 exd4 17. exd4 Rfe8 18. 0-0 Bf6 19. f4 g6 20. Nf3 Ne7 21. Re1 Be6 22. Bc2 Nf5 23. Kh2 Nb6 24. Re2 Re7 25. Rce1 Rae8 26. Nd1 Nc8 27. Bf2 Ncd6 28. Kg1 Nh6 29. Ng5 Bf5 30. Rxe7 Rxe7 31. Rxe7 Bxe7 32. Bxf5 Nhxf5 33. Nf3 f6 34. Be3 Ne4 35. Bc1 Kf7 36. Kh2 Bd6 37. Kh3 Ke6 38. g4 Nfg3 39. Be3 hxg4+ 40. Kxg4 Nh5 41. Ng1 f5+ 42. Kf3 Be7 43. Bf2 Nxf2 44. Nxf2 Bxh4 45. Nfh3 Nf6 46. Ke2 Ne4 47. Nf3 Bf6 48. Ke3 b6 49. Nhg5+ Ke7 50. Ke2 Ng3+ 51. Kf2 Nh5 52. Ke3 Ng7 53. Nh7 Ne6 54. Nhg5 Nc7 55. Nh7 Bg7 56. Nh4 Kf7 57. Ng5+ Kf6 58. Nh7+ Kf7 59. Ng5+ Kf6 60. Nh7+ Kf7 1/2-1/2